000 01093nam a22002417a 4500
001 5624
003 FISKH
005 20250108084143.0
008 250108b cb ||||| |||| 00| 0 eng d
020 _a9781416543817
040 _aFISKH
_beng
_cFISKH
_dFISKH
050 _aPQ6719.I54
082 _a863.7
100 _aSierra,Javier
245 _aThe secret supper /
_cby Javier Sierra
260 _aNew York :
_bAtria Books ;
_c2004.
300 _a394 pages :
_billustrations ;
_c18 cm .
520 _aIn 1497 a Dominican inquisitor is sent to Milan to supervise the final phase of the painting of The Last Supper by Leonardo da Vinci. Never a conformist, da Vinci creates a masterpiece that raises questions that have yet to be answered. Unlike his contemporaries, he does not hold strictly to the religious doctrine of the scriptures, but adds touches advocated by a repressed heritical sect. Could da Vinci be a member of the secret society?
650 _aLeonardo da Vinci
_vhistorical fiction
700 _aManguel, Alberto
_etranslator
942 _2ddc
_cBK
_n0
999 _c5624
_d5624